Normal view MARC view

Entry Personal Name

Number of records used in: 2

001 - CONTROL NUMBER

  • control field: 19917

003 - CONTROL NUMBER IDENTIFIER

  • control field: dpl

005 - DATE AND TIME OF LATEST TRANSACTION

  • control field: 20100914114314.0

008 - FIXED-LENGTH DATA ELEMENTS

  • fixed length control field: 100914|||a|||||| | ||| d

040 ## - CATALOGING SOURCE

  • Original cataloging agency: dpl
  • Transcribing agency: dpl

100 ## - HEADING--PERSONAL NAME

  • Personal name: वर्मा,रविन्द्र/

670 ## - SOURCE DATA FOUND

  • Source citation: Work cat.: (dpl)36084: वर्मा,रविन्द्र/, क्रान्ति कक्का की जन्म-शताब्दी, 2010

670 ## - SOURCE DATA FOUND

  • Source citation: Work cat.: (dpl)36084: वर्मा,रविन्द्र/, क्रान्ति कक्का की जन्म-शताब्दी, 2010

© Delhi Public Library
Hit Counter
free hit counter